Transnational management: text, cases, and readings in cross-border management. (6th ed.) (Record no. 60347)

MARC details
000 -LEADER
fixed length control field 00733nam a2200193 a 4500
008 - FIXED-LENGTH DATA ELEMENTS--GENERAL INFORMATION
fixed length control field 120209s2011 ||||||||||||||||| || u
020 ## - INTERNATIONAL STANDARD BOOK NUMBER
International Standard Book Number 9780071267434
050 ## - LIBRARY OF CONGRESS CALL NUMBER
Classification number HD 62.4 BAR
100 ## - MAIN ENTRY--PERSONAL NAME
Personal name Bartlett, Christopher A
245 10 - TITLE STATEMENT
Title Transnational management: text, cases, and readings in cross-border management. (6th ed.)
250 ## - EDITION STATEMENT
Edition statement 6th ed.
260 ## - PUBLICATION, DISTRIBUTION, ETC.
Place of publication, distribution, etc. New York:
Name of publisher, distributor, etc. McGraw-Hill
Date of publication, distribution, etc. 2011
300 ## - PHYSICAL DESCRIPTION
Extent xvii, 762p.: ill.
350 ## - PRICE (NR) (BK AM CF MU VM SE) [OBSOLETE]
Price 0.00
650 #0 - SUBJECT ADDED ENTRY--TOPICAL TERM
Topical term or geographic name entry element MANAGEMENT
650 ## - SUBJECT ADDED ENTRY--TOPICAL TERM
Topical term or geographic name entry element INTERNATIONAL BUSINESS ENTERPRISES--MANAGEMENT
700 ## - ADDED ENTRY--PERSONAL NAME
Personal name Beamish, Paul W
995 ## - RECOMMENDATION 995 [LOCAL, UNIMARC FRANCE]
-- 0.00
-- CBU-MAIN LIBRARY (Kitwe)
-- 1
-- 0.00
-- 1
-- AVAILABLE
-- Mar 2, 2012
-- Main Library Open Access Collection
Holdings
Withdrawn status Lost status Source of classification or shelving scheme Damaged status Not for loan Home library Current library Shelving location Date acquired Total Checkouts Full call number Barcode Date last seen Price effective from Koha item type
          CBU-MAIN LIBRARY, KITWE. CBU-MAIN LIBRARY, KITWE.   11/30/2022   HD 62.4 BAR 742686 11/30/2022 11/30/2022 MONOGRAPH